000
00351nam a2200133Ia 4500
008
231129s2003||||xx |||||||||||||| ||spa||
020
_a
958-06-1052-5
040
_b
spa
082
_a
808.80354 M394
245
0
_a
Los más bellos relatos de amor
260
_c
2003
264
_a
La Oveja Negra
942
_2
ddc
_c
BKS
999
_c
19815
_d
19815